| 000 -LEADER |
| fixed length control field |
00432nam a22001457a 4500 |
| 008 - FIXED-LENGTH DATA ELEMENTS--GENERAL INFORMATION |
| fixed length control field |
200806b ||||| |||| 00| 0 eng d |
| 082 00 - DEWEY DECIMAL CLASSIFICATION NUMBER |
| Classification number |
510.246238 |
| Item number |
R353 |
| 100 ## - MAIN ENTRY--PERSONAL NAME |
| 9 (RLIN) |
3573 |
| Personal name |
Reid, David M. |
| 245 10 - TITLE STATEMENT |
| Title |
Practical mathematics for marine engineers / |
| 260 ## - PUBLICATION, DISTRIBUTION, ETC. (IMPRINT) |
| Place of publication, distribution, etc |
Glasgow: |
| Name of publisher, distributor, etc |
James Munro, |
| Date of publication, distribution, etc |
? |
| 300 ## - PHYSICAL DESCRIPTION |
| Extent |
228 p. |
| 650 #0 - SUBJECT ADDED ENTRY--TOPICAL TERM |
| Topical term or geographic name as entry element |
Mathematics |
| 700 ## - ADDED ENTRY--PERSONAL NAME |
| 9 (RLIN) |
1263 |
| Personal name |
Flanagan, G. T. H. |
| 942 ## - ADDED ENTRY ELEMENTS (KOHA) |
| Item type |
Books |